000 01961nam0a2200349 4500
001 RU\NLR\bibl\474602
005 20260407092605.0
010 _a5-98335-002-1
_9500
021 _aRU
_b2003-64852
_93190
035 _a(NLR Aleph) 000467661
090 _a973594
_c973594
100 _a20031222d2003 |||y0rusy50 ca
101 0 _arus
102 _aRU
105 _aa |||||||||
200 1 _aРусский народный танец
_eИстория и современность
_eМатериалы II Всерос. науч.-практ. конф. по рус. нар. танцу, [февр. 2003 г., г. Владимир
_fСост. Т.В. Пуртова, доц. к.иск., засл. деят. искусств России
_gНауч. ред. В.И. Уральская, проф., к.филол.н., засл. деят. искусств России]
210 _aМ.
_cГРДНТ
_d2003
215 _a110 с., [1] л. цв. ил.
_cпортр.
_d22
300 _aВ надзаг.: М-во культуры Рос. Федерации, Гос. рос. дом нар. творчества
320 _aБиблиогр. в подстроч. прим.
606 0 _aТанец русский
_jСборники
_91237280
_3RU\NLR\auth\66505140
606 0 _aТанцы русские
_jСъезды, совещания и т.п.
_92255657
_3RU\NLR\auth\661352764
686 _aЩ325(2Р=Рус)я431
702 1 _aПуртова
_bТ. В.
_gТамара Валентиновна
_4220
702 1 _aУральская
_bВ. И.
_gВалерия Иосифовна
_4340
711 1 2 _aВсероссийская научно-практическая конференция по русскому народному танцу
_d2
_eВладимир
_f2003
_9601135
_3RU\NLR\AUTH\8810050498
801 0 _aRU
_bNLR
_c20031222
_gPSBO
801 1 _aRU
_bNLR
_c20031222
830 _aСост. и ред. по кн
942 _cBOOK
980 _aNB